000
00308nam a2200121Ia 4500
005
20251222155131.0
008
251222s9999||||xx |||||||||||||| ||spa||
082
_a
EDUM.50
100
_a
POLO SANTILLAN,Miguel.
245
0
_a
La morada del hombre ensayos sobre la vida ética
264
_b
UNMSM
942
_c
LIB
999
_c
38803
_d
38803